000 00591nam a2200229Ia 4500
003 OSt
005 20221005085939.0
006 a|||||r|||| 00| 0
007 ta
008 221004b |||||||| |||| 00| 0 eng d
024 _a30020
037 _cTextual
040 _aCRL
_cCRL
_beng
041 _2eng
_aeng
082 _aQ6:4194, F6
245 0 _aJet in the collection of the Hispanic society of America
260 _aNew York
_bHispanic Society
_c1926
300 _a19
_ccm.
650 _aRELIGION
942 _hQ6:4194, F6
_cTEXL
_2cc
999 _c995056
_d995056